Microsoft iternet explorer and the world wide web (Record no. 585143)

000 -LEADER
fixed length control field 00557nam a22001817a 4500
003 - CONTROL NUMBER IDENTIFIER
control field CEME
005 - DATE AND TIME OF LATEST TRANSACTION
control field 20210628210619.0
008 - FIXED-LENGTH DATA ELEMENTS--GENERAL INFORMATION
fixed length control field 210210b xxu||||| |||| 00| 0 eng d
020 ## - INTERNATIONAL STANDARD BOOK NUMBER
International Standard Book Number 0-07-365739-5
040 ## - CATALOGING SOURCE
Transcribing agency .
082 ## - DEWEY DECIMAL CLASSIFICATION NUMBER
Classification number 004.67 ERI
100 ## - MAIN ENTRY--PERSONAL NAME
Personal name Vonk, John.A Erickson, Fritz.J
9 (RLIN) 77357
245 ## - TITLE STATEMENT
Title Microsoft iternet explorer and the world wide web
260 ## - PUBLICATION, DISTRIBUTION, ETC.
Place of publication, distribution, etc. BOSTAN
Name of publisher, distributor, etc. IRWIN MCGRAW HILL
Date of publication, distribution, etc. 1999
300 ## - PHYSICAL DESCRIPTION
Extent 235P
650 ## - SUBJECT ADDED ENTRY--TOPICAL TERM
Topical term or geographic name entry element MICROSOFT INTERNET EXPLORER WORLD WIDE WEB-INFORMATION RETRIEVAL SYSTEM INTERNET EXPLORER
9 (RLIN) 80181
942 ## - ADDED ENTRY ELEMENTS (KOHA)
Koha item type Book
Source of classification or shelving scheme
Holdings
Withdrawn status Lost status Damaged status Not for loan Permanent Location Current Location Shelving location Date acquired Total Checkouts Full call number Barcode Date last seen Price effective from Koha item type
        College of Electrical & Mechanical Engineering (CEME) College of Electrical & Mechanical Engineering (CEME) General Stacks 07/06/2017   004.67 ERI CEME-34521 06/28/2021 06/28/2021 Book
© 2023 Central Library, National University of Sciences and Technology. All Rights Reserved.